Pays organisateurs de l'Euro - Statistiques

Statistiques générales
  • Ce quiz a été pris 164 fois
  • Le résultat moyen est 14 sur 16
Statistiques - réponses
Année Pays organisateur % Correct
1960 France
100%
1984 France
100%
2016 France
100%
1988 Allemagne
97%
1968 Italie
97%
1980 Italie
97%
1964 Espagne
96%
2004 Portugal
96%
1996 Angleterre
95%
2008 Autriche / Suisse
95%
2000 Belgique / Pays-Bas
94%
2012 Pologne / Ukraine
93%
1992 Suède
89%
1972 Belgique
76%
1976 Yougoslavie
69%
2020* Europe
51%
Aucun quiz correspondant
Distribution des résultats
% des personnes avec chaque résultat
Percentile par nombre de réponses
Votre historique - résultats
Vous n’avez pas pris ce quiz